=LDR 00000nam 2200000 4500 =001 INLIS000000000029446 =005 20130612131659 =008 ***********************************Ind** =035 ##$$0010-061300000029446 =041 ##$$a Ind =082 ##$$a 028.55 =090 ##$$a 028.55, Hum s =100 ##$$a Humphrey, Paul =245 ##$$a Sewaktu ayah masih muda, Paul Humphrey =260 ##$$a 1997 $b Jakarta =300 ##$$a 31 hlm, ilus, 21 cm =650 ##$$a Bacaan anak-anak =850 ##$$a NBPNMAT